| 000 | 00399 a2200145 4500 | ||
|---|---|---|---|
| 005 | 20250523143007.0 | ||
| 020 | _a0-02-635262-1 | ||
| 082 | _aLECT 425 STR | ||
| 100 | _aSTRONG, W. | ||
| 245 | _aWriter's Choice Composition and Grammer. | ||
| 250 | _a3rd Ed. | ||
| 260 |
_aCalifornia, _bMacmillan, _c1993. |
||
| 300 |
_axxiv, 840p: ill.; figure, picture, table. _bindex, _c28cm, |
||
| 942 |
_2ddc _cBKS |
||
| 999 |
_c2578 _d2578 |
||